000 00698nam a2200217 i 4500
001 83855
003 ES-MaACL
005 20240429175100.0
007 t|
008 041118s1944 sp ||||1| spa d
100 1 _aIovkof, Iordan.
_965387
245 1 3 _aEl segador
_b: novela búlgara /
_cIordan Iovkof ; traducción de Teodoro Neicov y Juan Eduardo Zúñiga.
260 _aMadrid :
_bEdiciones y Publicaciones Españolas,
_c1944.
300 _a240 p., 8 lám. ;
_c19 cm.
490 1 _aSiembra
700 1 _aNeïkov, Todor Petrov.
_9153946
700 1 _aZúñiga, Juan Eduardo,
_d1919-2020
_9118516
830 1 _aSiembra
_9186426
852 _aES-MaACL
_jB-10033
999 _c83855
_d83855